00254nam a2200097Ia 4500100002900000654000900029245006300038260002900101082001400130546001200144 aSantacruz operation Inc  aunix aSCO unix system v operating system system administer guide bSantacruz Operation Inc. a5.43bSCO aENGLISH